00589nam a2200193Ia 450000500170000000800410001702000140005804000190007204100120009108200160010310000190011924501010013826000430023930000230028250400500030565000100035565100200036585000100038520231011091029.0131103s9999 xx 000 0 und d a716521679 aLoreto College aEnglish a726.8 bHER aHerity,Michael aIrish Passage Gravesb neolithic tomb-builders in Ireland and Britain 2500 B.C. cMichael Herity aDublinbIrish University Presscc 1974 axi,308 p.b illus. aIncludes bibliographical references and index aTombs aIreland - Tombs aLCLIB